Tin học 10

Sách giáo khoa Tin học 10 gồm 4 chương: một số khái niệm cơ bản của tin học, hệ điều hành, soạn thảo văn bản, mạng máy tính và internet

Bewaard in:
Bibliografische gegevens
Hoofdauteur: Hồ, Sĩ Đàm
Formaat: Boek
Taal:Undetermined
Gepubliceerd in: Hà Nội Giáo dục Việt Nam 2020
Onderwerpen:
Tags: Voeg label toe
Geen labels, Wees de eerste die dit record labelt!
Thư viện lưu trữ: Trung tâm Học liệu Trường Đại học Cần Thơ
LEADER 00812nam a2200217Ia 4500
001 CTU_236777
008 210402s9999 xx 000 0 und d
020 |c 10000 
082 |a 005.0712 
082 |b Đ104 
100 |a Hồ, Sĩ Đàm 
245 0 |a Tin học 10 
245 0 |c Hồ Sĩ Đàm (Chủ biên) 
260 |a Hà Nội 
260 |b Giáo dục Việt Nam 
260 |c 2020 
520 |a Sách giáo khoa Tin học 10 gồm 4 chương: một số khái niệm cơ bản của tin học, hệ điều hành, soạn thảo văn bản, mạng máy tính và internet 
650 |a Computers,Tin học 
650 |x Study and teaching (Secondary),Dạy và học (Trung học) 
904 |i Hải 
980 |a Trung tâm Học liệu Trường Đại học Cần Thơ